| 000 | 01831cam a22002054a 4500 | ||
|---|---|---|---|
| 005 | 20250605164141.0 | ||
| 008 | 250528s ||||||||||||||||||||||||d | ||
| 035 | _a18968 | ||
| 040 |
_aGR-AtMCL _bgre _dGR-AtMCL _eAACR2 |
||
| 245 | 1 | _aΟδηγός Αρχιτεκτονικού Σχεδίου / Μετρικά - Γραφικά Στοιχεία | |
| 250 | _a2η | ||
| 260 |
_bΑθήνα, _c1987 |
||
| 300 | _a232 | ||
| 505 | 0 | _aΕισαγωγή, Γραφική Κλίμακα, Προσανατολισμός, Χαμηλό Πράσινο - Γρασίδι, Αναρριχώμενα Φυτά, Δένδρα, Αυτοκίνητα, Άνθρωποι, Πλακόστρωση, Τοιχοποία, Οπτοπλινθοδομή, Τοίχος με Τσιμεντόλιθους, Σκαλες Κήπου, Στηθαίο, Καθιστικό, Τζάκι, Κοιτώνας, Επίπλωση Κουζίνας, Παραδείγματα Κατόψεων, Παραδείγματα Σχεδίασης Γραφείων, Σχέδια Λεπτομερειών, Φράκτες, Προοπτικό. | |
| 520 | _aΕισαγωγή, Γραφική Κλίμακα, Προσανατολισμός, Χαμηλό Πράσινο - Γρασίδι, Αναρριχώμενα Φυτά, Δένδρα, Αυτοκίνητα, Άνθρωποι, Πλακόστρωση, Τοιχοποία, Οπτοπλινθοδομή, Τοίχος με Τσιμεντόλιθους, Σκαλες Κήπου, Στηθαίο, Καθιστικό, Τζάκι, Κοιτώνας, Επίπλωση Κουζίνας, Παραδείγματα Κατόψεων, Παραδείγματα Σχεδίασης Γραφείων, Σχέδια Λεπτομερειών, Φράκτες, Προοπτικό. | ||
| 700 | 1 |
_aΈρωτα Ρένα _95248 |
|
| 942 | _cBK | ||
| 999 |
_c4263 _d4263 |
||